Statistiques concernant Culture Générale - Série 1245

Cliquez ici pour prendre le quiz!

Statistiques générales

  • Ce quiz a été pris 38 fois
  • Le résultat moyen est 6 sur 10

Statistiques - réponses

QuestionRéponse% Correct
A quel septième art associe-t-on Hollywood ?cinéma
97%
Quel pays a donné son nom aux caractères italiques ?Italie
92%
Dans quel pays se trouve la ville de Salzbourg ?Autriche
89%
D'après l'expression, que confirme l'exception ?règle
75%
Dans quel sport George Foreman a-t-il été sacré champion du monde ?boxe
72%
Quelle est la capitale de l'Etat Hawaï aux Etats Unis ?Honolulu
69%
Quelle est la plus grande ville de l'Etat Alaska aux Etats Unis ?Anchorage
42%
Quelle est la capitale de l'Etat Alaska aux Etats Unis ?Juneau
36%
Dans “L'Écume des jours” de Boris Vian, quelle plante ronge le poumon de Chloé ?nénuphar
28%
De quel mot “taxi” est-il une abréviation ?taximètre
19%

Distribution des résultats

Percentile par nombre de réponses

% des personnes avec chaque résultat

Votre développement - résultats

Vous n’avez pas pris ce quiz